000 00589nam a22002057a 4500
005 20251108173217.0
008 250721s2004 xx 000 0 ara d
082 1 4 _a616.02/قطا
100 1 _aقطاش، رشدي حمدان
245 1 0 _aالإسعافات الأولية /
264 1 _aعمان :
_bمؤسسة الوراق للنشر،
_c2004.
300 _a372ص
650 1 7 _aالطب
650 1 7 _aالصحة العامة
650 1 7 _aالإسعافات
700 1 _aقطاش، أحمد حمدان
700 1 _aحسن، نوال
942 _2ddc
_cBK
999 _c98614
_d98614